Geography Quiz

Random Geography or World Quiz

North or South America? Quiz Stats

 Plays Quiz Updated Sep 30, 2017

Challenge
Share
Tweet
Embed
Score 0/20 Timer 05:00
14 Plays Today
Which Continent... Enter 'N' or 'S' % Correct
...is home to the Great Lakes????
93.3%
...contains the Andes Mountains????
93.1%
...contains the Amazon Rainforest????
93.1%
...lies on the Equator????
89.5%
...is closer to Antarctica????
87.3%
...was home to the 2016 Summer Olympics????
86.4%
...has the world's second largest country????
85.5%
...has native penguins????
85.3%
...is larger by area????
83.6%
...borders the Arctic Ocean????
83.2%
Which Continent... Enter 'N' or 'S' % Correct
...contains the San Andreas Fault????
83.2%
...contains Cape Horn????
82.5%
...is home to the world's highest capital city????
73.8%
...has more countries????
66.8%
...is larger by population????
64.6%
...has more forested area????
62.4%
...contains the Greater and Lesser Antilles????
57.8%
...lies on the Tropic of Cancer????
52.7%
...was the site of Aztec civilization????
52.6%
...contains the land farthest from the center of the Earth????
42.8%

You're not logged in!

Compare scores with friends on all Sporcle quizzes.
OR
Log In

You Might Also Like...

Show Comments

Extras

Top Quizzes Today


Score Distribution

Your Account Isn't Verified!

In order to create a playlist on Sporcle, you need to verify the email address you used during registration. Go to your Sporcle Settings to finish the process.

Report this User

Report this user for behavior that violates our Community Guidelines.

Details: